<?xml version="1.0" encoding="UTF-8"?>
<marc:record xmlns:marc="http://www.loc.gov/MARC21/slim">
   <marc:leader>00000nam a2200000 a 4500</marc:leader>
   <marc:datafield ind1=" " ind2=" " tag="653">
      <marc:subfield code="a">DVD</marc:subfield>
   </marc:datafield>
   <marc:datafield ind1=" " ind2=" " tag="653">
      <marc:subfield code="a">Literaturverfilmung</marc:subfield>
   </marc:datafield>
   <marc:datafield ind1="0" ind2="0" tag="245">
      <marc:subfield code="a">Mephisto</marc:subfield>
   </marc:datafield>
   <marc:datafield ind1=" " ind2="1" tag="264">
      <marc:subfield code="b">Concorde Home Entertainment</marc:subfield>
      <marc:subfield code="c">2017</marc:subfield>
   </marc:datafield>
   <marc:datafield ind1="1" ind2=" " tag="490">
      <marc:subfield code="a">Classic Selection</marc:subfield>
   </marc:datafield>
   <marc:datafield ind1="1" ind2=" " tag="520">
      <marc:subfield code="a">Der Schauspieler Hendrik Höfgen will nur eins: seine Traumrolle spielen, den "Mephisto" aus Goethes Faust - und zwar in der Hauptstadt. Die Heirat mit der Professorentochter Barbara ebnet Höfgen den Weg in die Berliner Gesellschaft der 20er Jahre. Als die Nazis an die Macht kommen und Barbara emigrieren muss, zögert der ehrgeizige Opportunist nicht lange: Er entscheidet sich gegen die Moral und für den Erfolg. Unter dem Protegé Görings steigt er zum Intendanten des Staatstheaters auf. Doch der Pakt mit dem Teufel hat seinen Preis.</marc:subfield>
   </marc:datafield>
</marc:record>
